Najbardziej wysunięte na południe państwo według języka - Statystyki

Ogólne statystyki
  • Ten quiz został rozwiązany 20 razy
  • Średni wynik to 11 z 16
Statystyki odpowiedzi
Język Państwo % Poprawnych
angielski Nowa Zelandia | Australia
100%
portugalski Brazylia
95%
włoski Włochy
90%
hiszpański Chile
85%
niemiecki Szwajcaria
85%
koreański Korea Południowa
80%
suazi Republika Południowej Afryki
80%
malajski Indonezja
75%
perski Iran
65%
grecki Cypr
60%
niderlandzki Surinam
55%
chiński Singapur
50%
serbsko-chorwacki Kosowo
45%
rosyjski Kirgistan
35%
francuski Madagaskar
35%
hindi Fidżi
15%
Nie znaleziono quizów pasujących do podanych kryteriów
Rozkład punktacji
Procent ludzi z każdym wynikiem
Percentyl według liczby udzielonych odpowiedzi
Twoja historia wyników
Nie rozwiązałeś tego quizu